| 000 | 00599nam a2200217Ia 4500 | ||
|---|---|---|---|
| 003 | OSt | ||
| 005 | 20220925212352.0 | ||
| 006 | a|||||r|||| 00| 0 | ||
| 007 | ta | ||
| 008 | 220923b |||||||| |||| 00| 0 eng d | ||
| 037 | _cGeneral Book | ||
| 040 |
_aRTL _cRTL _beng |
||
| 041 |
_2eng _aeng |
||
| 082 | _aX:(B), L8 | ||
| 100 |
_aEICHHORN Wolfgang _9129817 |
||
| 245 | 0 | _aFuctional equations in economics | |
| 260 |
_aLondon _bAddison-Wesley Publishing Company _c1978 |
||
| 300 |
_a260p _ccm. |
||
| 942 |
_hX:(B), L8 _cGB _2CC |
||
| 999 |
_c560220 _d560220 |
||